000 00202nam a2200109Ia 4500
100 _aEDWARD DE BONO
942 _cBK
245 _aLAFERAL THINKING
260 _b#N/A
546 _aENGLISH
999 _c34184
_d34184